| 000 | 00323nam a22001217a 4500 | ||
|---|---|---|---|
| 008 | 160505b xxu||||| |||| 00| 0 eng d | ||
| 020 | _a+9780071466332 | ||
| 020 | _a9780071466332 | ||
| 041 | _aeng | ||
| 080 | _a61 | ||
| 245 |
_aHarrisons internal medicine; _canthony S.Fauci; Dennis L. Kasper;Don L.Longo; |
||
| 942 |
_2udc _cBK |
||
| 999 |
_c1821 _d1821 |
||